00924 2200337 4500001002100000005001500021035002000036007000300056008004100059040001700100100002100117245006600138250001000204300003000214041000800244082000800252084001400260090002000274260003100294600003300325700002600358850001000384990002400394990002400418990002400442990002400466990002400490990002400514990002400538990002400562INLIS00000000000198120260603120050 a0010-0120000424ta260603 0  aSBPUPADbInd0 aWindrati Hapsari1 aStiker Baju Boneka /cWindrati Hapsari; Editor: Edith Natasha aCet.1 a22 hlm. :bilus. ;c30 cm0 aInd a746 a746 WIN s a746 WIN s T15-4 aJakarta :bErlangga,c2012 4aMenggambar dan Seni Dekorasi0 aEditor: Edith Natasha aPUPAD a34.401/DAK/DPK/2019 a34.402/DAK/DPK/2019 a34.135/DAK/DPK/2019 a34.136/DAK/DPK/2019 a34.137/DAK/DPK/2019 a34.138/DAK/DPK/2019 a34.404/DAK/DPK/2019 a34.403/DAK/DPK/2019